En avant la grammaire: Cahier d'activités de grammaire en situation ( Corrigé )
Сохранить в:
| Главный автор: | |
|---|---|
| Формат: | |
| Язык: | Undetermined |
| Опубликовано: |
Québec, Canada
Hurtubise HMH
1998
|
| Предметы: | |
| Метки: |
Добавить метку
Нет меток, Требуется 1-ая метка записи!
|
| Thư viện lưu trữ: | Trung tâm Học liệu Trường Đại học Cần Thơ |
|---|
| LEADER | 00555nam a2200181Ia 4500 | ||
|---|---|---|---|
| 001 | CTU_41897 | ||
| 008 | 210402s9999 xx 000 0 und d | ||
| 082 | |a 448.24 | ||
| 082 | |b G216c | ||
| 100 | |a Flavia Garcia | ||
| 245 | 0 | |a En avant la grammaire: Cahier d'activités de grammaire en situation ( Corrigé ) | |
| 245 | 0 | |c Flavia Garcia | |
| 260 | |a Québec, Canada | ||
| 260 | |b Hurtubise HMH | ||
| 260 | |c 1998 | ||
| 650 | |a french language - study and teaching | ||
| 904 | |i Minh, 010616 | ||
| 980 | |a Trung tâm Học liệu Trường Đại học Cần Thơ | ||